000 00355nam a2200133Ia 4500
008 240624s9999 xx 000 0 und d
041 _aeng
082 _a658.4092 KEP
100 _aKEPCHER CAROLYN
245 _aCAROLYN 101 BUSINESS LESSONS FROM THE AP
260 _c2005
_aNew York
_bA Fireside Book
300 _axi, : 222 : p. : cm. ; 21
365 _c
_b20
999 _c9632
_d9632